Lectures on rings and modules (Record no. 2887)

MARC details
000 -LEADER
fixed length control field 00580nam a2200193Ia 4500
003 - CONTROL NUMBER IDENTIFIER
control field IN-BaIIA
008 - FIXED-LENGTH DATA ELEMENTS--GENERAL INFORMATION
fixed length control field 211028s9999 xx 000 0 eng d
040 ## - CATALOGING SOURCE
Transcribing agency IIA Library
080 ## - UNIVERSAL DECIMAL CLASSIFICATION NUMBER
Universal Decimal Classification number 512.55
Item number LAM
100 ## - MAIN ENTRY--PERSONAL NAME
Personal name Lambek, Joachim
9 (RLIN) 5152
245 #0 - TITLE STATEMENT
Title Lectures on rings and modules
Statement of responsibility, etc. Joachim Lambek
260 ## - PUBLICATION, DISTRIBUTION, ETC.
Place of publication, distribution, etc. Waltham
Name of publisher, distributor, etc. Blaisdell Publishing
Date of publication, distribution, etc. 1966
300 ## - PHYSICAL DESCRIPTION
Extent viii, 183p
490 ## - SERIES STATEMENT
Series statement A blaisdell book in pure and applied mathematics
650 ## - SUBJECT ADDED ENTRY--TOPICAL TERM
Topical term or geographic name entry element Algebra
9 (RLIN) 1494
650 ## - SUBJECT ADDED ENTRY--TOPICAL TERM
Topical term or geographic name entry element NASA thesaurus
650 ## - SUBJECT ADDED ENTRY--TOPICAL TERM
Topical term or geographic name entry element Rings
9 (RLIN) 5153
942 ## - ADDED ENTRY ELEMENTS (KOHA)
Koha item type Books
Holdings
Withdrawn status Lost status Damaged status Not for loan Home library Current library Shelving location Date acquired Cost, normal purchase price Total Checkouts Full call number Barcode Date last seen Cost, replacement price Price effective from Koha item type Purchase Price
        IIA Library-Bangalore IIA Library-Bangalore General Stacks 30/03/1967 61.20   512.55/ LAM 3211 05/11/2021 61.20 30/03/1967 Books Rs. 61.20

Powered by Koha